The Decline and Fall of the Roman Empire. V.2 /

Saved in:
Bibliographic Details
Main Author: Gibbon, Edward.
Format: Book
Language:English
Published: London : David Campbell, 1993.
Subjects:
Tags: Add Tag
No Tags, Be the first to tag this record!
Institutions: Mạng thư viện Đại học Đà Nẵng
LEADER 00949cam a2200361 i 4500
001 000047304
003 6904
005 20030225153749.0
008 010309|1993 vm 000 eng
020 |a 1857150953 
022 |a T 
040 |a IRC  |c IRC  |d IRC 
041 0 |a eng 
082 1 4 |a 937.06  |b GI-E 
100 1 |a Gibbon, Edward. 
245 0 4 |a The Decline and Fall of the Roman Empire.  |n V.2 /  |c Edword Gibbon ; Introduced by Hugh Trevor-Roper. 
260 |a London :  |b David Campbell,  |c 1993. 
300 |a 592p. ;  |c 20.5cm. 
630 0 4 |a British stories. 
630 0 4 |a Edward Gibbon. 
630 0 4 |a The Decline and Fall of the Roman Empire. 
630 0 4 |a Roman Empire. 
650 0 4 |a Roman Empire. 
OWN |a DUT 
999 |a From the UDN01 
TYP |a Monograph 
TYP |a Printed language 
980 |a Mạng thư viện Đại học Đà Nẵng